000 00302nam a22001337a 4500
008 170830b xxu||||| |||| 00| 0 eng d
020 _a9780534636180
041 _aeng
080 _a070
100 _a39
101 _aMED
245 _aCONQUER YOUR SPEECH ANXIETY
_cKANGAS.K
942 _2udc
_cBK
999 _c25453
_d25453